| 000 | 01194nam a2200337 i 4500 | ||
|---|---|---|---|
| 001 | 12136 | ||
| 003 | KOSZ 005 | ||
| 005 | 20191017125152.0 | ||
| 008 | 070708s1969 pl a f f 001 0 pol | ||
| 015 | _aPB 1970/487 | ||
| 040 |
_aWA N _cKOSZ 005/RW _dKOSZ 005/RW |
||
| 080 | _a62 | ||
| 080 | _a51 | ||
| 080 | _a53/54 | ||
| 080 | _a(083.1) | ||
| 245 | 0 | 0 |
_aMały poradnik mechanika : _bnauki matematyczno-fizyczne i ogólnotechniczne / _c[aut. Maciej Bernhardt et al. ; kol. red. Heliodor Chmielewski et al.]. |
| 250 | _aWyd. 11 popr. i uaktual. | ||
| 260 |
_aWarszawa : _bWydawnictwa Naukowo-Techniczne, _c1969. |
||
| 300 |
_aXI, [1], 1018, [2] s., [2] k. tabl. : _bil. ; _c18 cm. |
||
| 380 | _aKsiążki | ||
| 504 | _aBibliogr. przy rozdz. Indeks. | ||
| 650 | 4 | _aMatematyka | |
| 650 | 4 | _aFizyka | |
| 650 | 4 | _aTechnika | |
| 655 | 4 | _aPoradnik | |
| 700 | 1 |
_aBernhardt, Maciej _d(1923- ). |
|
| 710 | 2 |
_aWydawnictwa Naukowo-Techniczne _4pbl. |
|
| 700 | 1 |
_aChmielewski, Heliodor _d(1911-1981) _eRedakcja |
|
| 856 |
_uhttp://koha.tu.koszalin.pl/cgi-bin/koha/opac-detail.pl?biblionumber=12136 _yKatalog online BPK |
||
| 942 |
_2UKD _cKS |
||
| 999 |
_c12136 _d12136 |
||